[Event "13. Memorial Adolfo Pedrido"]
[Site "Villagarcía de Arosa ESP"]
[Date "2005.08.01"]
[Round "1.1"]
[White "Gongora, Maikel"]
[Black "Louzao Brea, Jose Luis"]
[Result "1-0"]
[WhiteElo "2466"]
[BlackElo "2066"]
[PlyCount "59"]
[EventDate "2005.08.01"]
[EventType "swiss"]
[EventRounds "9"]
[EventCountry "ESP"]
[Source "lmi"]
[SourceDate "2005.08.09"]

1. e4 e6 2. d4 d5 3. Nc3 Nf6 4. Bg5 Be7 5. e5 Nfd7 6. Bxe7 Qxe7 7. f4 a6 8. Nf3
c5 9. dxc5 Qxc5 10. Qd2 Nc6 11. Bd3 b5 12. a3 Bb7 13. b4 Qe7 14. O-O Rc8 15.
Ne2 Nb6 16. Ned4 Nc4 17. Qf2 h6 18. f5 N4xe5 19. Nxe5 Nxe5 20. Qg3 Nxd3 21.
fxe6 O-O 22. Nf5 Qf6 23. e7 Rfe8 24. cxd3 Rc3 25. Rae1 Rc6 26. Qf4 Kh7 27. Nd4
Qxf4 28. Rxf4 Rc7 29. Rxf7 Kg8 30. Rf8+ 1-0

[Event "13. Memorial Adolfo Pedrido"]
[Site "Villagarcía de Arosa ESP"]
[Date "2005.08.01"]
[Round "1.2"]
[White "Lemos Vizcaya, Tomas"]
[Black "Hernandez, Holden"]
[Result "0-1"]
[WhiteElo "2058"]
[BlackElo "2458"]
[PlyCount "58"]
[EventDate "2005.08.01"]
[EventType "swiss"]
[EventRounds "9"]
[EventCountry "ESP"]
[Source "lmi"]
[SourceDate "2005.08.09"]

1. e4 e5 2. Nf3 Nc6 3. Bb5 a6 4. Ba4 Nf6 5. O-O Be7 6. Re1 b5 7. Bb3 O-O 8. c3
d5 9. exd5 Nxd5 10. d4 exd4 11. Nxd4 Nxd4 12. Bxd5 Qxd5 13. Rxe7 Bb7 14. f3 Qc5
15. Qxd4 Qxe7 16. Qf2 Rad8 17. Nd2 Rfe8 18. a4 Qe1+ 19. Qf1 Rxd2 20. Bxd2 Qxd2
21. axb5 axb5 22. Qxb5 Bc6 23. Qf1 Qxb2 24. c4 g6 25. Rd1 Re2 26. Rd8+ Kg7 27.
Rd1 Ba4 28. Rd5 Qb6+ 29. Kh1 Qe3 0-1

[Event "13. Memorial Adolfo Pedrido"]
[Site "Villagarcía de Arosa ESP"]
[Date "2005.08.01"]
[Round "1.3"]
[White "Manolache, Marius"]
[Black "Yañez Acin, Gonzalo"]
[Result "1-0"]
[WhiteElo "2462"]
[BlackElo "1995"]
[PlyCount "65"]
[EventDate "2005.08.01"]
[EventType "swiss"]
[EventRounds "9"]
[EventCountry "ESP"]
[Source "lmi"]
[SourceDate "2005.08.09"]

1. d4 Nf6 2. Nf3 d5 3. c4 e6 4. Nc3 c6 5. g3 h6 6. Bg2 Bb4 7. O-O O-O 8. Qc2
Nbd7 9. Rd1 Qe7 10. a3 Bxc3 11. Qxc3 Re8 12. Ne5 Nf8 13. b4 Bd7 14. c5 Ne4 15.
Bxe4 dxe4 16. Nc4 Rad8 17. Bf4 Bc8 18. Nd6 Ng6 19. Nxe8 Nxf4 20. gxf4 Qxe8 21.
Kh1 Rd5 22. Rg1 g6 23. Rg3 Qd8 24. Rag1 Qf6 25. e3 Rh5 26. R1g2 Bd7 27. Qc2 Qf5
28. Qa4 a6 29. Qa5 Qd5 30. Qd8+ Kg7 31. Rxg6+ fxg6 32. Qe7+ Kh8 33. Qf6+ 1-0

[Event "13. Memorial Adolfo Pedrido"]
[Site "Villagarcía de Arosa ESP"]
[Date "2005.08.01"]
[Round "1.4"]
[White "Barreiro Piñeiro, Jose"]
[Black "Iotov, Valentin"]
[Result "0-1"]
[WhiteElo "1986"]
[BlackElo "2447"]
[PlyCount "124"]
[EventDate "2005.08.01"]
[EventType "swiss"]
[EventRounds "9"]
[EventCountry "ESP"]
[Source "lmi"]
[SourceDate "2005.08.09"]

1. c4 Nf6 2. Nc3 e6 3. g3 d5 4. cxd5 exd5 5. d4 Be7 6. Bg2 O-O 7. Nf3 Nbd7 8.
O-O c6 9. a3 a5 10. Be3 Re8 11. Qc2 Bd6 12. Bg5 h6 13. Bxf6 Nxf6 14. e3 Bg4 15.
h3 Bd7 16. Rae1 Qc8 17. Kh2 Bf5 18. Qc1 b5 19. Nh4 Bd3 20. Rg1 g5 21. Nf3 Qf5
22. Qd2 b4 23. axb4 axb4 24. Nd1 Be4 25. Qe2 g4 26. Nh4 Qg5 27. Bxe4 Rxe4 28.
f4 gxf3 29. Nxf3 Qh5 30. Nf2 Re6 31. Kg2 Qg6 32. Nh4 Qg5 33. Qf3 Nh5 34. Nf5
Rf6 35. g4 Ng3 36. e4 Re8 37. Qd3 dxe4 38. Nxe4 Nxe4 39. Rxe4 Rxe4 40. Qxe4
Qd2+ 41. Kf3 Re6 42. Nxd6 Rxe4 43. Nxe4 Qd3+ 44. Kf4 Qxd4 45. Rg2 c5 46. Rd2
Qc4 47. Kf5 Qe6+ 48. Kf4 c4 49. Rd6 Qc8 50. Rd5 Qe6 51. Rd6 Qc8 52. Rd5 Kg7 53.
Rc5 Qa6 54. Ke5 Qa2 55. Kd4 Qxb2+ 56. Kxc4 b3 57. Nc3 Qc2 58. Rb5 b2 59. Rb3
Qc1 60. Kd4 Qd2+ 61. Kc4 Qg2 62. Nd1 Qe4+ 0-1

[Event "13. Memorial Adolfo Pedrido"]
[Site "Villagarcía de Arosa ESP"]
[Date "2005.08.01"]
[Round "1.5"]
[White "Abreu, Aryam"]
[Black "Bouza-Brey Teijeiro, Gonzalo"]
[Result "1-0"]
[WhiteElo "2442"]
[BlackElo "1982"]
[PlyCount "53"]
[EventDate "2005.08.01"]
[EventType "swiss"]
[EventRounds "9"]
[EventCountry "ESP"]
[Source "lmi"]
[SourceDate "2005.08.09"]

1. e4 c5 2. Nf3 Nc6 3. d4 cxd4 4. Nxd4 e5 5. Nb5 a6 6. Nd6+ Bxd6 7. Qxd6 Qf6 8.
Qxf6 Nxf6 9. Nc3 b5 10. Be3 O-O 11. O-O-O Bb7 12. f3 Rac8 13. Rd6 Nb4 14. a3
Nc6 15. g4 Rfd8 16. Bb6 Nd4 17. Bxd8 Rxd8 18. Bg2 Bc6 19. Nd5 Bxd5 20. exd5
Ne2+ 21. Kb1 Nf4 22. Bf1 N6xd5 23. Rxa6 b4 24. axb4 Nxb4 25. Rd6 Kf8 26. Bb5
Ke7 27. Rhd1 1-0

[Event "13. Memorial Adolfo Pedrido"]
[Site "Villagarcía de Arosa ESP"]
[Date "2005.08.01"]
[Round "1.6"]
[White "Abelleira Gonzalez, Daniel"]
[Black "Nanu, Ciprian"]
[Result "0-1"]
[WhiteElo "1980"]
[BlackElo "2434"]
[PlyCount "104"]
[EventDate "2005.08.01"]
[EventType "swiss"]
[EventRounds "9"]
[EventCountry "ESP"]
[Source "lmi"]
[SourceDate "2005.08.09"]

1. e4 c6 2. d4 d5 3. Nd2 dxe4 4. Nxe4 Bf5 5. Ng3 Bg6 6. Nf3 Nd7 7. Bd3 Ngf6 8.
Bxg6 hxg6 9. c3 e6 10. Qc2 Qc7 11. Ne4 Nxe4 12. Qxe4 Nf6 13. Qe2 Bd6 14. h3 c5
15. Qb5+ Kf8 16. Be3 c4 17. Nd2 Rc8 18. Qa4 a6 19. Qc2 Qc6 20. Nf3 Nd5 21. a4
Rh5 22. Qe2 Nb6 23. a5 Nd7 24. g4 Rb5 25. h4 Ke7 26. Rg1 Nf6 27. Bg5 Qd5 28.
Kf1 Rxa5 29. Rxa5 Qxa5 30. Kg2 Qd5 31. Re1 Kf8 32. Bxf6 gxf6 33. Qe4 b5 34.
Qxd5 exd5 35. Ra1 Ra8 36. Nd2 a5 37. Nf1 Bc7 38. Ne3 Rd8 39. Kf3 a4 40. h5 Kg7
41. Rh1 Rd7 42. h6+ Kh7 43. g5 fxg5 44. Ng4 Bd8 45. Ne5 Rd6 46. Kg4 f5+ 47. Kg3
Re6 48. Re1 g4 49. Kf4 Bh4 50. Rf1 Kxh6 51. Rh1 Kh5 52. Rh2 Rf6 0-1

[Event "13. Memorial Adolfo Pedrido"]
[Site "Villagarcía de Arosa ESP"]
[Date "2005.08.01"]
[Round "1.7"]
[White "Dimitrov, Vladimir"]
[Black "Garcia Carbo, Marcial"]
[Result "1-0"]
[WhiteElo "2418"]
[BlackElo "2355"]
[PlyCount "82"]
[EventDate "2005.08.01"]
[EventType "swiss"]
[EventRounds "9"]
[EventCountry "ESP"]
[Source "lmi"]
[SourceDate "2005.08.09"]

1. c4 Nf6 2. g3 g6 3. Bg2 Bg7 4. Nc3 O-O 5. d3 d6 6. e3 c5 7. Nge2 Nc6 8. O-O
a6 9. b3 Rb8 10. Bb2 Bg4 11. h3 Bd7 12. Rc1 Na5 13. Rc2 b5 14. f4 Bc6 15. e4
Ba8 16. g4 Nd7 17. Ng3 Nc6 18. Kh2 b4 19. Nce2 Bxb2 20. Rxb2 a5 21. Qd2 a4 22.
g5 Rb6 23. h4 Bb7 24. Bh3 Ra6 25. h5 Qc7 26. Nh1 axb3 27. axb3 Rfa8 28. Nf2 Ra1
29. Rxa1 Rxa1 30. Ng4 Nd4 31. Nxd4 cxd4 32. Qf2 f5 33. Nh6+ Kf8 34. hxg6 hxg6
35. exf5 Rh1+ 36. Kg3 Qc6 37. fxg6 Rd1 38. Qe2 Re1 39. Qxe1 Qf3+ 40. Kh2 Qxf4+
41. Qg3 Qc1 1-0

[Event "13. Memorial Adolfo Pedrido"]
[Site "Villagarcía de Arosa ESP"]
[Date "2005.08.01"]
[Round "1.8"]
[White "Gomez Gude, Miguel A"]
[Black "Garcia Castro, Pablo"]
[Result "0-1"]
[WhiteElo "1942"]
[BlackElo "2377"]
[PlyCount "64"]
[EventDate "2005.08.01"]
[EventType "swiss"]
[EventRounds "9"]
[EventCountry "ESP"]
[Source "lmi"]
[SourceDate "2005.08.09"]

1. e4 g6 2. f4 Bg7 3. Nf3 d6 4. Bc4 c6 5. c3 Nf6 6. d3 O-O 7. O-O Na6 8. Be3
Ng4 9. Qd2 Nxe3 10. Qxe3 b5 11. Bb3 Nc5 12. Bc2 Qb6 13. d4 Nd7 14. e5 dxe5 15.
fxe5 c5 16. Nbd2 cxd4 17. cxd4 Bb7 18. Bb3 e6 19. Ne4 Nxe5 20. Nxe5 Bxe5 21.
Nf6+ Bxf6 22. Rxf6 Rad8 23. Raf1 Qxd4 24. Qxd4 Rxd4 25. Bxe6 Bd5 26. Bxd5 Rxd5
27. Ra6 Rd7 28. Rc1 Re8 29. Rac6 Re2 30. R6c2 Rd1+ 31. Rxd1 Rxc2 32. Rd7 a5 0-1

[Event "13. Memorial Adolfo Pedrido"]
[Site "Villagarcía de Arosa ESP"]
[Date "2005.08.01"]
[Round "1.9"]
[White "Danilov, Vladimir"]
[Black "Fernandez Rey, Jorge"]
[Result "1-0"]
[WhiteElo "2363"]
[BlackElo "1933"]
[PlyCount "63"]
[EventDate "2005.08.01"]
[EventType "swiss"]
[EventRounds "9"]
[EventCountry "ESP"]
[Source "lmi"]
[SourceDate "2005.08.09"]

1. d4 Nf6 2. c4 g6 3. Nf3 Bg7 4. g3 O-O 5. Bg2 d5 6. O-O dxc4 7. Na3 Be6 8. Ne5
c6 9. Naxc4 Nbd7 10. e3 Nd5 11. b3 Qc7 12. Nxd7 Qxd7 13. Bb2 Qc7 14. Qe2 b5 15.
Nd2 Rad8 16. Rfc1 Qb6 17. Ne4 Nc7 18. Rc2 Na6 19. Qe1 Bf5 20. Rac1 c5 21. dxc5
Nxc5 22. Nxc5 Bxc2 23. Bxg7 Kxg7 24. Rxc2 Rd6 25. h4 Rfd8 26. Qc3+ Kg8 27. Bf3
Rd1+ 28. Bxd1 Rxd1+ 29. Kg2 Qc6+ 30. e4 f5 31. Qe5 fxe4 32. Ne6 1-0

[Event "13. Memorial Adolfo Pedrido"]
[Site "Villagarcía de Arosa ESP"]
[Date "2005.08.01"]
[Round "1.10"]
[White "Benito Alba, Eladio"]
[Black "Espiñeira Gonzalez, Diego"]
[Result "0-1"]
[WhiteElo "1901"]
[BlackElo "2310"]
[PlyCount "76"]
[EventDate "2005.08.01"]
[EventType "swiss"]
[EventRounds "9"]
[EventCountry "ESP"]
[Source "lmi"]
[SourceDate "2005.08.09"]

1. d4 e6 2. c4 Nf6 3. Nf3 Bb4+ 4. Bd2 a5 5. Nc3 d6 6. Qc2 Nbd7 7. e4 e5 8. a3
Bxc3 9. Bxc3 exd4 10. Bxd4 O-O 11. Bd3 Re8 12. O-O a4 13. Rfe1 Ne5 14. Nxe5
dxe5 15. Bc3 Nd7 16. Bb4 Nb8 17. Rad1 Nc6 18. Bc3 Qe7 19. Bf1 Be6 20. Rd2 Qc5
21. Rc1 f6 22. h3 b6 23. Qd1 Na5 24. Bxa5 Rxa5 25. Rd8 Qe7 26. Rxe8+ Qxe8 27.
Qd3 Rc5 28. Qd2 h6 29. Be2 Qc6 30. f3 b5 31. f4 exf4 32. Qxf4 bxc4 33. Rd1 Re5
34. Bf3 Qb6+ 35. Kh2 Qxb2 36. Rd8+ Kh7 37. Bg4 Bxg4 38. hxg4 c3 0-1

[Event "13. Memorial Adolfo Pedrido"]
[Site "Villagarcía de Arosa ESP"]
[Date "2005.08.02"]
[Round "2.1"]
[White "Rodriguez Lopez, Rafael"]
[Black "Gongora, Maikel"]
[Result "0-1"]
[WhiteElo "2230"]
[BlackElo "2466"]
[PlyCount "56"]
[EventDate "2005.08.01"]
[EventType "swiss"]
[EventRounds "9"]
[EventCountry "ESP"]
[Source "lmi"]
[SourceDate "2005.08.09"]

1. e4 c5 2. Nf3 Nc6 3. d4 cxd4 4. Nxd4 Nf6 5. Nc3 e5 6. Ndb5 d6 7. Bg5 a6 8.
Na3 b5 9. Bxf6 gxf6 10. Nd5 f5 11. Bd3 Be6 12. c3 Bg7 13. Qh5 f4 14. O-O O-O
15. Rad1 Kh8 16. Bb1 Ne7 17. Nxe7 Qxe7 18. Rd2 Rg8 19. Rfd1 Bf8 20. h3 Qf6 21.
Qf3 Be7 22. c4 bxc4 23. Rc1 Rg7 24. Nxc4 Rag8 25. Nxd6 Rxg2+ 26. Kh1 Qg7 27.
Nxf7+ Bxf7 28. Rc8 Rh2+ 0-1

[Event "13. Memorial Adolfo Pedrido"]
[Site "Villagarcía de Arosa ESP"]
[Date "2005.08.02"]
[Round "2.2"]
[White "Santaclara Rodriguez, Jose R"]
[Black "Manolache, Marius"]
[Result "0-1"]
[WhiteElo "2205"]
[BlackElo "2462"]
[PlyCount "76"]
[EventDate "2005.08.01"]
[EventType "swiss"]
[EventRounds "9"]
[EventCountry "ESP"]
[Source "lmi"]
[SourceDate "2005.08.09"]

1. c4 Nf6 2. Nc3 d6 3. g3 g6 4. Bg2 Bg7 5. d3 O-O 6. e4 e5 7. Nge2 Nbd7 8. O-O
Nh5 9. Be3 c6 10. b4 f5 11. exf5 gxf5 12. f4 Ndf6 13. h3 Qe8 14. Qd2 Qg6 15.
Kh2 Kh8 16. Rac1 Rg8 17. c5 exf4 18. gxf4 dxc5 19. bxc5 Be6 20. Rb1 Rad8 21.
Rxb7 Qh6 22. Rb4 a5 23. Ra4 Bf8 24. Bd4 Rxd4 25. Nxd4 Bxc5 26. Nce2 Bd7 27. Rc4
Bd6 28. Nxc6 Re8 29. Ncd4 Ng4+ 30. Kh1 Ne3 31. Rf2 Nxc4 32. dxc4 Bb4 33. Qd3
Bc5 34. Kh2 Nf6 35. Rf1 Re3 36. Qd2 Ng4+ 37. Kh1 Rxh3+ 38. Kg1 Rh1+ 0-1

[Event "13. Memorial Adolfo Pedrido"]
[Site "Villagarcía de Arosa ESP"]
[Date "2005.08.02"]
[Round "2.3"]
[White "Hernandez, Holden"]
[Black "Zurano Lopez, Pedro"]
[Result "1-0"]
[WhiteElo "2458"]
[BlackElo "2253"]
[PlyCount "85"]
[EventDate "2005.08.01"]
[EventType "swiss"]
[EventRounds "9"]
[EventCountry "ESP"]
[Source "lmi"]
[SourceDate "2005.08.09"]

1. d4 d5 2. c4 e6 3. Nc3 Nf6 4. cxd5 exd5 5. Bg5 Be7 6. e3 c6 7. Bd3 Nbd7 8.
Qc2 O-O 9. Nge2 Re8 10. O-O Nf8 11. Rab1 a5 12. a3 Ng6 13. Na4 Bd6 14. Nf4 h6
15. Bxf6 Qxf6 16. Nxg6 fxg6 17. Nb6 Rb8 18. Bxg6 Rf8 19. Bh7+ Kh8 20. Bd3 Qe7
21. Nxc8 Rbxc8 22. Qb3 h5 23. Bc2 g5 24. Qd3 Rf6 25. Rbc1 Qc7 26. g3 Re8 27. f4
gxf4 28. exf4 Rg8 29. Rf3 h4 30. Kh1 Rg7 31. Rcf1 Rh6 32. Rg1 hxg3 33. Rgxg3
Bxf4 34. Rxg7 Rxh2+ 35. Kg1 Qxg7+ 36. Kf1 Rh1+ 37. Ke2 Rh2+ 38. Ke1 Rh1+ 39.
Rf1 Bg3+ 40. Kd1 Rxf1+ 41. Qxf1 Bd6 42. Qh3+ Kg8 43. Qe6+ 1-0

[Event "13. Memorial Adolfo Pedrido"]
[Site "Villagarcía de Arosa ESP"]
[Date "2005.08.02"]
[Round "2.4"]
[White "Iotov, Valentin"]
[Black "Villar Nieves, Antonio"]
[Result "1-0"]
[WhiteElo "2447"]
[BlackElo "2130"]
[PlyCount "87"]
[EventDate "2005.08.01"]
[EventType "swiss"]
[EventRounds "9"]
[EventCountry "ESP"]
[Source "lmi"]
[SourceDate "2005.08.09"]

1. d4 f5 2. Nf3 Nf6 3. g3 g6 4. c4 Bg7 5. b4 O-O 6. Bg2 d6 7. O-O Qe8 8. Bb2 e5
9. dxe5 Ng4 10. c5 dxc5 11. h3 Nh6 12. bxc5 Nc6 13. Na3 Nf7 14. Nb5 Qe7 15. Qb3
Kh8 16. Qe3 Re8 17. Rfd1 Ncxe5 18. Nxe5 Nxe5 19. Rab1 a6 20. Nc3 Be6 21. Nd5
Bxd5 22. Rxd5 c6 23. Rdd1 Qf7 24. f4 Nc4 25. Bxg7+ Qxg7 26. Qd4 Qxd4+ 27. Rxd4
Ne3 28. Bf3 Re7 29. Kf2 Rc8 30. Rd3 Nd5 31. Bxd5 cxd5 32. Rxd5 Kg7 33. Rb3 Kf7
34. g4 fxg4 35. hxg4 Rc6 36. Kf3 Rce6 37. e3 Re4 38. Rd4 R4e6 39. Rdb4 Rc6 40.
Rxb7 Rxc5 41. Rxe7+ Kxe7 42. Rb7+ Kf6 43. Rxh7 Rc8 44. g5+ 1-0

[Event "13. Memorial Adolfo Pedrido"]
[Site "Villagarcía de Arosa ESP"]
[Date "2005.08.03"]
[Round "2.6"]
[White "Nanu, Ciprian"]
[Black "Torrado Quintela, Julio"]
[Result "1/2-1/2"]
[WhiteElo "2434"]
[BlackElo "2180"]
[PlyCount "388"]
[EventDate "2005.08.01"]
[EventType "swiss"]
[EventRounds "9"]
[EventCountry "ESP"]
[Source "lmi"]
[SourceDate "2005.08.09"]

1. c4 e5 2. Nc3 Nc6 3. Nf3 d6 4. d4 exd4 5. Nxd4 Nf6 6. g3 Be7 7. Bg2 Bd7 8.
O-O O-O 9. Nc2 Qc8 10. Ne3 Bh3 11. Ned5 Nxd5 12. Nxd5 Bxg2 13. Kxg2 Re8 14. b3
Bf8 15. Bb2 Ne7 16. Rc1 b5 17. Nxe7+ Rxe7 18. e3 bxc4 19. Rxc4 Qb7+ 20. Qf3 c5
21. Rd1 Qxf3+ 22. Kxf3 Rb7 23. Bc3 Re8 24. e4 Re6 25. Rd5 g6 26. b4 cxb4 27.
Bxb4 Re5 28. a3 Rxd5 29. exd5 Rb5 30. Rc8 Rxd5 31. Ra8 a5 32. Rxa5 Rd3+ 33. Ke2
Rb3 34. Rd5 Be7 35. Rd3 Rb2+ 36. Ke3 Ra2 37. Rd2 Ra1 38. Kd3 Kf8 39. Re2 Ke8
40. Re1 Rxe1 41. Bxe1 Kd7 42. a4 Kc6 43. Bc3 Bd8 44. Bd4 Ba5 45. g4 f5 46. gxf5
gxf5 47. Be3 Kd5 48. f3 Be1 49. Bd2 Bh4 50. a5 Kc5 51. a6 Kb6 52. Kc4 Kxa6 53.
Kd5 Kb7 54. Bf4 Kc8 55. Ke6 Kd8 56. Bxd6 Ke8 57. h3 Bd8 58. Bc5 Bh4 59. Bd4 Kf8
60. Bf6 Be1 61. h4 f4 62. h5 Bd2 63. Bb2 Be3 64. Kf6 Bd2 65. Be5 Bc1 66. Bb8
Bd2 67. Bd6+ Kg8 68. Ba3 Be3 69. Bb2 Bd2 70. Be5 Bc1 71. Ke6 Bd2 72. Bf6 Bc1
73. Bg5 Bd2 74. Bh6 Bc1 75. Kf6 Bb2+ 76. Ke7 Ba3+ 77. Ke8 Bc1 78. Bg5 Bd2 79.
Ke7 Bc1 80. Ke6 Bd2 81. Kf6 Bc1 82. Bh4 Bb2+ 83. Ke6 Bc1 84. Be1 Be3 85. Ba5
Bc1 86. Bb6 Bd2 87. Bc7 Bc1 88. Bb8 Bd2 89. Be5 Bc1 90. Kf6 Bd2 91. Ke6 Bc1 92.
Kf5 Kf7 93. Bxf4 Bb2 94. Be5 Bc1 95. Bd6 Bd2 96. Bc5 Bc1 97. Bb4 Be3 98. Be1
Bc1 99. Bg3 Bd2 100. Bf4 Bc3 101. Kg5 Bb2 102. Be3 Bc3 103. Bc1 Bd4 104. Kh6
Kg8 105. Kg5 Kf7 106. Kf4 Bg7 107. Ba3 Bh6+ 108. Ke5 Bd2 109. Bc5 Bc1 110. Ke4
Bd2 111. Kd3 Bc1 112. Be3 Bb2 113. Bd4 Bc1 114. Ke4 Bd2 115. Bb2 Bb4 116. Bc1
Bc3 117. Bf4 Bb2 118. Bh2 Bc1 119. Bg1 Bd2 120. Ba7 Bc1 121. Bd4 Bd2 122. Ba1
Bc1 123. Kf5 Bd2 124. Bh8 Bc1 125. Bf6 Bd2 126. Bd8 Bc1 127. Ba5 Be3 128. Bb4
Bc1 129. Kg4 Be3 130. Ba5 Bc1 131. Be1 Be3 132. Bc3 Bc1 133. Ba1 Bd2 134. Be5
Bc1 135. Bf4 Bb2 136. Bd2 Bd4 137. Be1 Be3 138. Bh4 Bc1 139. Bg3 Bd2 140. Bf4
Bc3 141. Be3 Bb2 142. f4 Bc3 143. Kf5 Bb2 144. Ke4 Bc3 145. Bd4 Bd2 146. Kf5
Bc1 147. Be5 Bd2 148. Kg5 Bc1 149. Kh6 Kg8 150. Bd6 Bd2 151. Kg5 Kf7 152. Kf5
Bc1 153. Bb4 Be3 154. Ba3 Bd2 155. Bb2 Be3 156. Ke4 Bd2 157. Be5 Bc1 158. Kd3
Ba3 159. Ke4 Bc1 160. Kf5 Bd2 161. Kg4 Bc1 162. Kf3 Bd2 163. Bb2 Bb4 164. Bc1
Bc3 165. Kg4 Bd4 166. Kg5 Bc3 167. Kh6 Kg8 168. Kg5 Kf7 169. Ba3 Bd2 170. Bd6
Bc1 171. Be5 Bd2 172. Ba1 Bc1 173. Kh6 Kg8 174. Be5 Be3 175. Kg5 Kf7 176. Kg4
Bc1 177. Kf3 Bd2 178. Ke2 Bc1 179. Kd3 Ba3 180. Kc4 Bc1 181. Kd5 Bd2 182. Kd6
Bc1 183. Kd7 Bd2 184. Kd8 Bc1 185. Kd7 Bd2 186. Kd6 Bc1 187. Kd5 Bd2 188. Ke4
Bc1 189. Bc3 Ba3 190. Kd3 Bc1 191. Bd2 Ba3 192. Ke4 Bb2 193. Kf5 Ba3 194. Kg5
Bb2 1/2-1/2

[Event "13. Memorial Adolfo Pedrido"]
[Site "Villagarcía de Arosa ESP"]
[Date "2005.08.02"]
[Round "2.7"]
[White "Espiñeira Gonzalez, Pablo"]
[Black "Dimitrov, Vladimir"]
[Result "0-1"]
[WhiteElo "2158"]
[BlackElo "2418"]
[PlyCount "66"]
[EventDate "2005.08.01"]
[EventType "swiss"]
[EventRounds "9"]
[EventCountry "ESP"]
[Source "lmi"]
[SourceDate "2005.08.09"]

1. c4 c5 2. Nc3 g6 3. g3 Bg7 4. Bg2 Nc6 5. Nf3 b6 6. O-O Bb7 7. d4 Nxd4 8. Nxd4
Bxg2 9. Kxg2 Bxd4 10. Nb5 Bg7 11. Qd5 Kf8 12. Bf4 a6 13. Nc7 Ra7 14. Rad1 Nf6
15. Qc6 d6 16. Nd5 Nxd5 17. Rxd5 h6 18. Rfd1 Kg8 19. e4 g5 20. Be3 Qb8 21. b4
Kh7 22. h4 gxh4 23. Rh1 hxg3 24. Bxh6 Bxh6 25. Rdh5 Qa8 26. Rxh6+ Kg7 27. Qxa8
Raxa8 28. Rxh8 Rxh8 29. Rxh8 Kxh8 30. bxc5 dxc5 31. Kxg3 b5 32. Kf4 b4 33. Ke3
a5 0-1

[Event "13. Memorial Adolfo Pedrido"]
[Site "Villagarcía de Arosa ESP"]
[Date "2005.08.02"]
[Round "2.8"]
[White "Garcia Castro, Pablo"]
[Black "Casanova Nuñez, Javier"]
[Result "1/2-1/2"]
[WhiteElo "2377"]
[BlackElo "2130"]
[PlyCount "134"]
[EventDate "2005.08.01"]
[EventType "swiss"]
[EventRounds "9"]
[EventCountry "ESP"]
[Source "lmi"]
[SourceDate "2005.08.09"]

1. Nf3 Nf6 2. g3 g6 3. Bg2 Bg7 4. O-O O-O 5. c3 d5 6. d3 c5 7. a3 Nc6 8. b4 b6
9. Nbd2 Nd7 10. Qb3 Bb7 11. Rb1 e6 12. Bb2 Rc8 13. Rfe1 Qc7 14. a4 Ba8 15. Rec1
Nce5 16. Nxe5 Bxe5 17. d4 Bg7 18. f4 cxd4 19. cxd4 Qb8 20. b5 Rxc1+ 21. Rxc1
Rc8 22. e3 Rxc1+ 23. Bxc1 Qc7 24. Bb2 Nf6 25. Qc3 Qxc3 26. Bxc3 Bf8 27. Bf3 Bb7
28. g4 Ba3 29. g5 Ne8 30. Kf2 h6 31. Nc4 Bd6 32. h4 hxg5 33. hxg5 Bc8 34. Ne5
Bxe5 35. dxe5 Nc7 36. Bb4 a6 37. Bd6 Ne8 38. Bb8 axb5 39. axb5 Bd7 40. Be2 Kf8
41. Ke1 Ke7 42. Kd2 Kd8 43. Kc3 Kc8 44. Bd6 Nc7 45. Kb4 Kb7 46. Be7 Kc8 47. Bd3
Be8 48. Bd6 Bd7 49. Be2 Be8 50. Bxc7 Kxc7 51. Kc3 Bd7 52. Kd4 Be8 53. Bd3 Bd7
54. Kc3 Be8 55. Kb4 Bd7 56. e4 dxe4 57. Bxe4 Be8 58. Bd3 Bd7 59. Bc4 Bc8 60.
Kc3 Bd7 61. Kd4 Bc8 62. Ke3 Kd8 63. Bd3 Bd7 64. Kf2 Be8 65. Kf3 Bd7 66. Bc4 Be8
67. Kg4 Kc7 1/2-1/2

[Event "13. Memorial Adolfo Pedrido"]
[Site "Villagarcía de Arosa ESP"]
[Date "2005.08.02"]
[Round "2.9"]
[White "Rodriguez Calvo, Manoel"]
[Black "Danilov, Vladimir"]
[Result "0-1"]
[WhiteElo "2119"]
[BlackElo "2363"]
[PlyCount "168"]
[EventDate "2005.08.01"]
[EventType "swiss"]
[EventRounds "9"]
[EventCountry "ESP"]
[Source "lmi"]
[SourceDate "2005.08.09"]

1. e4 e5 2. Nf3 Nc6 3. Bb5 a6 4. Ba4 d6 5. Bxc6+ bxc6 6. d4 f6 7. Nc3 Ne7 8.
dxe5 fxe5 9. Bg5 h6 10. Bh4 Be6 11. Qe2 g5 12. Bg3 Ng6 13. O-O-O Bg7 14. Ne1
O-O 15. f3 Qb8 16. Nd3 a5 17. h4 Qd8 18. Bf2 Nxh4 19. Bxh4 gxh4 20. Kb1 Qg5 21.
Qf2 Bf6 22. Rdg1 Qg3 23. Qxg3+ hxg3 24. Ne2 Bg5 25. Nxg3 a4 26. Ne2 c5 27. Rf1
Rab8 28. Nc3 Rb7 29. g3 Bd2 30. Nd1 c4 31. Nc1 Kg7 32. Rf2 Bg5 33. Ne2 Rfb8 34.
a3 Rf8 35. f4 Bf6 36. fxe5 Bxe5 37. Rxf8 Kxf8 38. Rxh6 Bg4 39. Rh2 c6 40. Rf2+
Kg8 41. Nec3 d5 42. exd5 cxd5 43. Rd2 d4 44. Nxa4 c3 45. Rd3 Be2 46. Nc5 Rh7
47. bxc3 Rh1 48. Ka2 Bxd1 49. cxd4 Bf6 50. Rd2 Bh5 51. Rg2 Bf3 52. Rf2 Bd5+ 53.
Nb3 Rg1 54. Kb2 Rxg3 55. a4 Bg7 56. Re2 Rg6 57. Rd2 Rb6 58. Rd3 Bf8 59. Rd2 Bb4
60. Rd3 Bc6 61. a5 Bxa5 62. d5 Bd7 63. Rg3+ Kf7 64. c4 Bb4 65. Rf3+ Ke7 66. Ka2
Rh6 67. Nd4 Bc5 68. Nf5+ Bxf5 69. Rxf5 Kd6 70. Rf3 Bd4 71. Kb3 Kc5 72. Rf8 Rb6+
73. Kc2 Kxc4 74. Rc8+ Kxd5 75. Rd8+ Ke4 76. Re8+ Be5 77. Re7 Rb2+ 78. Kc1 Rg2
79. Re8 Kd4 80. Rd8+ Kc3 81. Rc8+ Kd3 82. Kb1 Rb2+ 83. Kc1 Rb7 84. Ra8 Bf4+ 0-1

[Event "13. Memorial Adolfo Pedrido"]
[Site "Villagarcía de Arosa ESP"]
[Date "2005.08.02"]
[Round "2.10"]
[White "Espiñeira Gonzalez, Diego"]
[Black "Vidal Del Rio, Manuel"]
[Result "1-0"]
[WhiteElo "2310"]
[BlackElo "2113"]
[PlyCount "157"]
[EventDate "2005.08.01"]
[EventType "swiss"]
[EventRounds "9"]
[EventCountry "ESP"]
[Source "lmi"]
[SourceDate "2005.08.09"]

1. e4 c5 2. Nf3 Nc6 3. d4 cxd4 4. Nxd4 Nf6 5. Nc3 e5 6. Ndb5 d6 7. Bg5 a6 8.
Na3 b5 9. Bxf6 gxf6 10. Nd5 f5 11. g3 fxe4 12. Bg2 Bg7 13. Bxe4 Be6 14. Qh5 Rc8
15. O-O Ne7 16. Nxe7 Qxe7 17. Rad1 b4 18. Nb1 Rc5 19. c3 a5 20. cxb4 axb4 21.
a3 d5 22. axb4 Rc4 23. Bf5 Rxb4 24. Nc3 Bxf5 25. Qxf5 Qe6 26. Qg5 O-O 27. Nxd5
Rxb2 28. Rfe1 h6 29. Qf5 Re8 30. Ne3 Qg6 31. Rd7 Reb8 32. Kg2 R8b6 33. Qxg6
fxg6 34. Nc4 Rb1 35. Re2 Re6 36. Ra2 Rb8 37. Raa7 Bf8 38. Ne3 Rd6 39. Rxd6 Bxd6
40. Ng4 Rb2 41. Nxh6+ Kf8 42. Rf7+ Ke8 43. Rf6 Ke7 44. Rxg6 Bc5 45. Ng4 e4 46.
Kf1 Rb1+ 47. Ke2 Rb2+ 48. Ke1 Rb1+ 49. Kd2 Rb2+ 50. Kc3 Ra2 51. Rf6 e3 52. fxe3
Bxe3 53. Rf1 Bb6 54. Kd3 Bc7 55. Ke4 Ra4+ 56. Kf3 Kf7 57. Re1 Kg6 58. Re6+ Kf7
59. Re3 Kg6 60. h4 Kf5 61. Rb3 Bd6 62. Ne3+ Ke6 63. Rc3 Bb8 64. Rc4 Ra3 65.
Re4+ Kf6 66. Kg4 Ra1 67. Nd5+ Kg6 68. h5+ Kg7 69. Ne3 Rg1 70. Nf5+ Kf6 71. Rb4
Be5 72. Rb6+ Kf7 73. h6 Bf6 74. Rb7+ Kg6 75. Rb6 Rf1 76. h7 Rh1 77. Nh4+ Kg7
78. Rxf6 Kh8 79. Rh6 1-0